| 000 | 00407nam a2200169 a 4500 | ||
|---|---|---|---|
| 001 | 0585 | ||
| 005 | 20140414131928.0 | ||
| 008 | 040201s19uu xx 00 eng d | ||
| 020 | _a0-394-85491-8 | ||
| 050 |
_aER _bSa1 1992 |
||
| 100 | _aRoss, Anna | ||
| 245 |
_aSay good night / _cAnna Ross. |
||
| 260 |
_aItaly : _bRandom, _c1992. |
||
| 300 | _ap. ; cm. | ||
| 440 | _aSesame street | ||
| 999 |
_c112128 _d112128 |
||